000 01270nac a22002651u 4500
008 100906t xxu||||| |||| 00| 0 eng d
010 _a 2003061440
020 _a0071364730 (acid-free paper)
082 0 0 _a624
_bCIV
100 _a20080729
_918142
245 0 0 _aStandard Handbook for Civil Engineers /
_cEditors, Jonathan T. Ricketts, M. Kent Loftin, Frederick S. Merritt.
250 _a5th ed.
260 _aNew York :
_bMcGraw-Hill,
_c2004.
300 _a1 v. (various pagings) :
_bill. ;
_c25 cm.
504 _aIncludes bibliographical references and index.
650 0 _aCivil engineering
_vHandbooks, manuals, etc.
_918143
700 1 _aRicketts, Jonathan T.
_918144
700 1 _aLoftin, M. Kent.
_918145
700 1 _aMerritt, Frederick S.
_918146
856 4 2 _3Contributor biographical information
_uhttp://www.loc.gov/catdir/bios/mh041/2003061440.html
856 4 2 _3Table of contents
_uhttp://www.loc.gov/catdir/toc/mh041/2003061440.html
856 4 2 _3Publisher description
_uhttp://www.loc.gov/catdir/description/mh041/2003061440.html
942 _cREFERENCE
_k624CIV
_2ddc
999 _c2124
_d2124